| 000 | 00580nam a22002177a 4500 | ||
|---|---|---|---|
| 001 | BD-DhSAU 550 | ||
| 003 | BD-DhSAU | ||
| 005 | 20150104215409.0 | ||
| 008 | 150104b1963 ii |||| |||| 001 0 eng d | ||
| 040 | _cBD-DhSAU | ||
| 082 |
_222 _a633.14 _bDER |
||
| 100 | _aDeodikar, G. B. | ||
| 245 |
_aRye : _bSecale cereale linn / _cG. B. Deodikar. |
||
| 260 |
_aNew Delhi : _bIndian Council of Agricultural Research ; _cc1963. |
||
| 300 |
_ax, 152 p. : _b22 cm. |
||
| 504 | _aIncludes index. | ||
| 590 | _ajoy | ||
| 650 | _aAgronomy | ||
| 650 | _aRye | ||
| 650 |
_aRye _xsecale, cereal. |
||
| 942 |
_2ddc _cBOOK |
||
| 999 |
_c550 _d550 |
||